[Event "Montigny le Bretonneux op 22nd"]
[Site "Montigny le Bretonneux"]
[Date "2018.05.12"]
[Round "4"]
[White "Pelletier, Sylvain"]
[Black "Zareli, Aymane"]
[Result "1-0"]
[WhiteElo "1399"]
[BlackElo "1009"]
[PlyCount "25"]
[EventDate "2018.05.10"]
[EventType "swiss"]
[EventRounds "9"]
[EventCountry "FRA"]
[SourceTitle "CBM 184 Extra"]
[Source "ChessBase"]
[SourceDate "2018.06.28"]
[SourceVersion "1"]
[SourceVersionDate "2018.06.28"]
[SourceQuality "1"]

1. e4 e5 2. Nf3 Nc6 3. Bc4 Bc5 4. b4 Nxb4 5. Nxe5 d5 6. exd5 f6 7. Qh5+ g6 8. Nxg6 hxg6 9. Qxh8 Nxc2+ 10. Kd1 Nxa1 11. Qxg8+ Bf8 12. Re1+ Kd7 13. Qe6# 1-0

[Event "Montigny le Bretonneux op 22nd"]
[Site "Montigny le Bretonneux"]
[Date "2018.05.12"]
[Round "5"]
[White "Zareli, Aymane"]
[Black "Rayeh, Anas"]
[Result "0-1"]
[WhiteElo "1009"]
[BlackElo "1204"]
[PlyCount "99"]
[EventDate "2018.05.10"]
[EventType "swiss"]
[EventRounds "9"]
[EventCountry "FRA"]
[SourceTitle "CBM 184 Extra"]
[Source "ChessBase"]
[SourceDate "2018.06.28"]
[SourceVersion "1"]
[SourceVersionDate "2018.06.28"]
[SourceQuality "1"]

1. e4 d6 2. d4 g6 3. Nc3 Bg7 4. Nf3 Nf6 5. e5 dxe5 6. Nxe5 0-0 7. Bf4 Bg4 8. f3 Be6 9. Bd3 Nc6 10. d5 Bxd5 11. Nxd5 Qxd5 12. Qe2 e6 13. 0-0 Qd4+ 14. Rf2 Qxb2 15. Qd1 Nxe5 16. Bg5 Nxd3 17. cxd3 Qd4 18. Rb1 h6 19. Bxf6 Qxf6 20. Rxb7 c6 21. Rc2 Qd4+ 22. Rf2 Qd5 23. Qa4 a6 24. Rfb2 Bd4+ 25. Rf2 Qc5 26. Kf1 Qc1+ 27. Ke2 Bxf2 28. Kxf2 g5 29. Rc7 h5 30. Rxc6 Qa1 31. d4 h4 32. Qc2 Qxd4+ 33. Ke2 Qe5+ 34. Kd3 Qd5+ 35. Ke3 f5 36. Rc5 f4+ 37. Kf2 Qd4+ 38. Ke2 Qe3+ 39. Kf1 Rab8 40. g3 fxg3 41. hxg3 hxg3 42. Kg2 Qxf3+ 43. Kh3 Kg7 44. Rxg5+ Kf7 45. Qg6+ Ke7 46. Qg7+ Kd6 47. Qe5+ Kd7 48. Rg7+ Kc6 49. Qc7+ Kb5 50. Rxg3 0-1